[Event "XX C.to Mondiale Seniores"]
[Site "Arco ITA"]
[Date "2010.10.30"]
[Round "5"]
[White "Pushkov, Nikolai"]
[Black "Agzamov, Valery"]
[WhiteElo "2466"]
[BlackElo "2209"]
[Result "1/2-1/2"]
[PlyCount "81"]
[EventDate "2010.10.26"]

1. d4 Nf6 2. Nf3 g6 3. c4 Bg7 4. Nc3 d6 5. e4 O-O 6. h3 e5 7. d5 a5 8. Bg5 Na6
9. Be2 Nc5 10. Nd2 c6 11. Qc2 Bd7 12. Nb3 Nxb3 13. Qxb3 h6 14. Be3 c5 15. g4 a4
16. Qc2 Ne8 17. h4 Nc7 18. h5 g5 19. O-O Bf6 20. Rfb1 Qb8 21. b4 cxb4 22. Rxb4
Na6 23. Rb2 Qc8 24. Nxa4 Bd8 25. f3 Bxa4 26. Qxa4 Nc5 27. Qc2 Ra3 28. Bd2 Ba5
29. Bxa5 Rxa5 30. a4 Qa8 31. Bd1 Qa7 32. Kg2 Ra8 33. Qb1 Qb8 34. Rb5 Qd8 35.
Bc2 Kg7 36. Rxa5 Rxa5 37. Qb4 Ra6 38. Rb1 Qf6 39. Qd2 Qd8 40. Qb4 Qf6 41. Qd2
1/2-1/2

[Event "XX C.to Mondiale Seniores"]
[Site "Arco ITA"]
[Date "2010.10.30"]
[Round "5"]
[White "Quagliarella, Sabino Remo"]
[Black "Keze, Arnis"]
[WhiteElo "1937"]
[BlackElo "1754"]
[Result "1-0"]
[PlyCount "87"]
[EventDate "2010.10.26"]

1. d4 Nf6 2. Nf3 e6 3. e3 c6 4. Bd3 d5 5. O-O Nbd7 6. b3 Bd6 7. Ba3 Qc7 8. Bxd6
Qxd6 9. c4 O-O 10. Nc3 b6 11. Re1 a5 12. cxd5 Nxd5 13. Nxd5 exd5 14. Rc1 Re8
15. Qc2 Bb7 16. Bxh7+ Kf8 17. Bf5 Rad8 18. Bxd7 Rxd7 19. Ne5 Rc7 20. Qh7 Qh6
21. Qxh6 gxh6 22. Rc3 Re6 23. Nd3 Ba6 24. Nf4 Rd6 25. Rec1 Ke7 26. a3 Bb5 27.
f3 f5 28. Kf2 Kf6 29. h4 Rc8 30. g4 Ba6 31. Kg3 Bb7 32. Nd3 Ba6 33. Ne5 Bb7 34.
g5+ hxg5 35. hxg5+ Ke7 36. Rh1 Ba6 37. Kf4 Ke6 38. Rc2 c5 39. dxc5 bxc5 40.
Rh6+ Ke7 41. Rh7+ Ke6 42. Rch2 d4 43. R2h6+ Kd5 44. e4+ 1-0

[Event "XX C.to Mondiale Seniores"]
[Site "Arco ITA"]
[Date "2010.10.30"]
[Round "5"]
[White "Radomsky, Viacheslav G."]
[Black "Benson, Lachlan"]
[WhiteElo "2166"]
[BlackElo "2032"]
[Result "1/2-1/2"]
[PlyCount "35"]
[EventDate "2010.10.26"]

1. d4 Nf6 2. Nf3 d5 3. c4 dxc4 4. e3 e6 5. Bxc4 c5 6. Nc3 Be7 7. O-O O-O 8. Qe2
a6 9. Rd1 Qc7 10. a4 Nc6 11. dxc5 Bxc5 12. h3 Ne5 13. Ba2 Nxf3+ 14. Qxf3 Bd7
15. e4 Bc6 16. Bg5 Be7 17. Qe2 h6 18. Bh4 1/2-1/2

[Event "XX C.to Mondiale Seniores"]
[Site "Arco ITA"]
[Date "2010.10.30"]
[Round "5"]
[White "Rosino, Antonio"]
[Black "Stull, Norbert"]
[WhiteElo "2237"]
[BlackElo "2110"]
[Result "1-0"]
[PlyCount "123"]
[EventDate "2010.10.26"]

1. e4 c5 2. Nf3 e6 3. c3 Nf6 4. e5 Nd5 5. d4 cxd4 6. cxd4 b6 7. Bc4 Ba6 8. Bxa6
Nxa6 9. O-O Be7 10. Nbd2 O-O 11. Ne4 f5 12. exf6 gxf6 13. Re1 Kh8 14. a3 Rg8
15. Bh6 Nac7 16. Qd2 Ne8 17. Nc3 Nxc3 18. bxc3 Nd6 19. Bf4 Nc4 20. Qd3 Rc8 21.
a4 Qf8 22. Nd2 Nxd2 23. Bxd2 Qg7 24. Qf3 Qg4 25. Qxg4 Rxg4 26. f3 Rg6 27. Rab1
Bd6 28. a5 Rcg8 29. Re2 Bc7 30. c4 e5 31. axb6 axb6 32. Bc3 Rc8 33. g3 d6 34.
Ra2 Bd8 35. Rb4 b5 36. Rxb5 Rxc4 37. Rb8 Rxc3 38. Rxd8+ Kg7 39. Rd7+ Kh6 40.
Kg2 f5 41. Raa7 Rc2+ 42. Kf1 f4 43. Rxh7+ Kg5 44. Raf7 Rf6 45. h4+ Kg6 46.
Rfg7+ Kf5 47. g4+ Ke6 48. dxe5 Kxe5 49. Re7+ Kd4 50. Re4+ Kd3 51. Ra7 d5 52.
Ra3+ Rc3 53. Rxc3+ Kxc3 54. Re8 d4 55. g5 Ra6 56. h5 d3 57. Rc8+ Kd4 58. h6 Ke3
59. h7 Ra1+ 60. Kg2 Ra2+ 61. Kh3 Ra1 62. h8=Q 1-0

[Event "XX C.to Mondiale Seniores"]
[Site "Arco ITA"]
[Date "2010.10.30"]
[Round "5"]
[White "Ruckschloss, Karol"]
[Black "Eperjesi, Laszlo"]
[WhiteElo "2293"]
[BlackElo "2194"]
[Result "1/2-1/2"]
[PlyCount "34"]
[EventDate "2010.10.26"]

1. c4 c5 2. Nc3 Nc6 3. g3 g6 4. Bg2 Bg7 5. e4 e6 6. Nge2 Nge7 7. O-O O-O 8. d3
d6 9. Rb1 a6 10. a3 Rb8 11. b4 cxb4 12. axb4 b5 13. cxb5 axb5 14. Qb3 e5 15. h3
Be6 16. Nd5 Qd7 17. Kh2 Nd4 1/2-1/2

[Event "XX C.to Mondiale Seniores"]
[Site "Arco ITA"]
[Date "2010.10.30"]
[Round "5"]
[White "Rukavina, Josip"]
[Black "Gundersen, Helge"]
[WhiteElo "2423"]
[BlackElo "2230"]
[Result "1-0"]
[PlyCount "77"]
[EventDate "2010.10.26"]

1. Nf3 e6 2. d4 f5 3. Bf4 Nf6 4. e3 b6 5. Nbd2 Bb7 6. c3 Be7 7. h3 O-O 8. Bd3
Ne4 9. O-O d6 10. Qc2 Nxd2 11. Nxd2 Qe8 12. f3 Nd7 13. Rae1 Qf7 14. Bh2 Bh4 15.
Re2 Rae8 16. e4 g6 17. f4 Kg7 18. Nf3 Bf6 19. e5 dxe5 20. fxe5 Be7 21. Qa4 Bd8
22. Bb5 c6 23. Bxc6 Bxc6 24. Qxc6 g5 25. Nd2 Nb8 26. Qc4 Qd7 27. a4 h5 28. Qb5
Nc6 29. Nc4 Bc7 30. h4 g4 31. Bf4 Ra8 32. Ne3 a6 33. Qb3 Ne7 34. Bg5 Ng6 35. g3
Bd8 36. Bxd8 Qxd8 37. Qxe6 f4 38. Nf5+ Kh7 39. Rxf4 1-0

[Event "XX C.to Mondiale Seniores"]
[Site "Arco ITA"]
[Date "2010.10.30"]
[Round "5"]
[White "Sarto Ramos, Angel"]
[Black "Blaeser, Roman"]
[WhiteElo "1963"]
[BlackElo "2116"]
[Result "1-0"]
[PlyCount "81"]
[EventDate "2010.10.26"]

1. d4 f5 2. h3 d6 3. Nc3 g6 4. e4 e6 5. g4 Bg7 6. Nf3 Nc6 7. Bg5 Nce7 8. Qd3 h6
9. Be3 c6 10. exf5 exf5 11. d5 c5 12. O-O-O Bd7 13. Re1 Qa5 14. Bd2 O-O-O 15.
Nh4 Bf6 16. Nf3 fxg4 17. hxg4 Bxg4 18. Bh3 Bxh3 19. Rxh3 Nf5 20. a3 Qb6 21. Re6
a6 22. Bf4 Rh7 23. Nd2 Rhd7 24. Nc4 Qc7 25. Ne4 b5 26. Nxf6 bxc4 27. Qxc4 Nxf6
28. Qxa6+ Qb7 29. Qxb7+ Rxb7 30. Rxf6 Rg7 31. Rh2 h5 32. Rg2 Nh4 33. Rg3 Kc7
34. Bg5 Nf5 35. Rxf5 Re8 36. Rf6 Re5 37. Bf4 Rxd5 38. Rgxg6 Rd7 39. Rg5 Kc6 40.
Rxd5 Kxd5 41. Rh6 1-0

[Event "XX C.to Mondiale Seniores"]
[Site "Arco ITA"]
[Date "2010.10.30"]
[Round "5"]
[White "Scarpellini, Felice"]
[Black "Caramaschi, Vincenzo"]
[WhiteElo "1809"]
[BlackElo "1669"]
[Result "1-0"]
[PlyCount "73"]
[EventDate "2010.10.26"]

1. c4 c5 2. Nc3 g6 3. g3 Bg7 4. Bg2 e6 5. e4 Ne7 6. Nge2 f5 7. d3 Nbc6 8. Be3
Qa5 9. O-O a6 10. Qd2 b5 11. a3 bxc4 12. dxc4 e5 13. Nd5 Qxd2 14. Bxd2 Nxd5 15.
exd5 Nd4 16. Nc3 d6 17. b4 Nb3 18. Ra2 Nxd2 19. Rxd2 e4 20. Ne2 cxb4 21. axb4
Bd7 22. c5 dxc5 23. bxc5 Bb5 24. Rfd1 a5 25. Nd4 Bxd4 26. Rxd4 a4 27. Bf1 Bxf1
28. Kxf1 a3 29. c6 a2 30. Ra1 Kf7 31. Rd2 Rhb8 32. Raxa2 Rxa2 33. Rxa2 Ke7 34.
Ra7+ Kd6 35. Rd7+ Kc5 36. c7 Rc8 37. d6 1-0

[Event "XX C.to Mondiale Seniores"]
[Site "Arco ITA"]
[Date "2010.10.30"]
[Round "5"]
[White "Schweiger, Georg"]
[Black "Dragasevic, Srdja"]
[WhiteElo "2166"]
[BlackElo "2277"]
[Result "1-0"]
[PlyCount "59"]
[EventDate "2010.10.26"]

1. d4 d5 2. Nc3 Nf6 3. Bg5 Nbd7 4. e3 c6 5. f4 Qb6 6. Rb1 e6 7. Bd3 c5 8. Nf3
Ng4 9. f5 c4 10. Be2 Bd6 11. O-O h6 12. fxe6 fxe6 13. h3 hxg5 14. Nxg5 Ngf6 15.
Bg4 Nxg4 16. Qxg4 Nf6 17. Rxf6 gxf6 18. Nh7 Qd8 19. Qg6+ Kd7 20. Nxf6+ Kc7 21.
Nb5+ Kc6 22. b3 a6 23. Nxd6 Qxd6 24. bxc4 Bd7 25. Rb6+ Kxb6 26. c5+ Kc6 27.
cxd6 Kxd6 28. Qg3+ Kc6 29. e4 dxe4 30. Qc3+ 1-0

[Event "XX C.to Mondiale Seniores"]
[Site "Arco ITA"]
[Date "2010.10.30"]
[Round "5"]
[White "Simon Padros, Emili"]
[Black "Ozbilen, Mehdi Hayri"]
[WhiteElo "2241"]
[BlackElo "2114"]
[Result "1-0"]
[PlyCount "81"]
[EventDate "2010.10.26"]

1. e4 c5 2. Nf3 Nc6 3. d4 cxd4 4. Nxd4 Nf6 5. Nc3 e5 6. Ndb5 d6 7. Bg5 a6 8.
Na3 b5 9. Nd5 Be7 10. Bxf6 Bxf6 11. c4 b4 12. Nc2 a5 13. g3 Bg5 14. Bg2 Rb8 15.
b3 O-O 16. O-O Be6 17. Qd3 Ne7 18. Nxe7+ Qxe7 19. Rad1 Rfd8 20. Kh1 Bf6 21. Ne3
g5 22. Qe2 Qf8 23. Rd3 Be7 24. Rfd1 Rdc8 25. Bf3 Qh6 26. Bg4 Rc7 27. Bf5 Ra8
28. Qd2 Rc6 29. Kg2 Qg7 30. Qe2 Qh6 31. Qg4 Qf6 32. Qh5 Qg7 33. Qh3 g4 34. Nxg4
Bxf5 35. exf5 f6 36. Ne3 a4 37. Nd5 axb3 38. axb3 Ra3 39. Qh5 Kf8 40. Qf3 Qf7
41. Nxe7 1-0

[Event "XX C.to Mondiale Seniores"]
[Site "Arco ITA"]
[Date "2010.10.30"]
[Round "5"]
[White "Smits, Oswald"]
[Black "Catania, Duane"]
[WhiteElo "1892"]
[BlackElo "2037"]
[Result "0-1"]
[PlyCount "102"]
[EventDate "2010.10.26"]

1. d4 e6 2. Nf3 b6 3. e3 Bb7 4. Nbd2 Nf6 5. Bd3 d5 6. O-O c5 7. b3 Bd6 8. Bb2
Nc6 9. dxc5 bxc5 10. c4 O-O 11. cxd5 exd5 12. Rc1 Qe7 13. Bb1 Ne4 14. Re1 Rfe8
15. Nf1 Rad8 16. Qc2 Ba6 17. Qd1 c4 18. bxc4 Bxc4 19. g3 Qb7 20. Nd4 Qxb2 21.
Rc2 Qb7 22. Nxc6 Qxc6 23. Nd2 Nxd2 24. Qxd2 Qa4 25. Rd1 Bf8 26. Rb2 g6 27. Bc2
Qd7 28. a4 Rb8 29. Rdb1 Rxb2 30. Rxb2 Qc7 31. Rb1 Rb8 32. Rc1 Qe5 33. Qe1 Rb2
34. f4 Qb8 35. g4 Qb6 36. f5 Bh6 37. Kf2 Bd3 38. fxg6 Rxc2+ 39. Rxc2 Qxe3+ 40.
Qxe3 Bxe3+ 41. Kxe3 Bxc2 42. gxh7+ Kxh7 43. a5 Kg6 44. Kd4 Be4 45. h4 Bf3 46.
Ke5 f6+ 47. Kf4 Be4 48. Ke3 Kf7 49. Kd4 Ke6 50. Kc5 Ke5 51. Kc6 d4+ 0-1

[Event "XX C.to Mondiale Seniores"]
[Site "Arco ITA"]
[Date "2010.10.30"]
[Round "5"]
[White "Standal, Bard"]
[Black "Trifoni, Giorgio"]
[WhiteElo "1914"]
[BlackElo "1691"]
[Result "1-0"]
[PlyCount "43"]
[EventDate "2010.10.26"]

1. Nf3 b6 2. g3 Bb7 3. Bg2 e6 4. O-O Ne7 5. d3 d6 6. Nbd2 Nd7 7. Re1 g6 8. e4
Bg7 9. Qe2 h6 10. h3 g5 11. Nh2 Ng6 12. Ndf1 Qf6 13. c3 h5 14. e5 Ngxe5 15.
Bxb7 Rb8 16. Bg2 g4 17. h4 d5 18. d4 Ng6 19. Bg5 Qf5 20. Ne3 Nf4 21. Bxf4 Qg6
22. Nxd5 1-0

[Event "XX C.to Mondiale Seniores"]
[Site "Arco ITA"]
[Date "2010.10.30"]
[Round "5"]
[White "Strand, Oyvin"]
[Black "Hohler, Peter"]
[WhiteElo "1978"]
[BlackElo "2193"]
[Result "0-1"]
[PlyCount "70"]
[EventDate "2010.10.26"]

1. d4 Nf6 2. e3 d6 3. Bd3 e5 4. Nd2 Be7 5. Ngf3 Nbd7 6. c4 O-O 7. O-O c6 8. Qc2
Qc7 9. b3 h6 10. Bb2 Re8 11. h3 Bf8 12. Rae1 b6 13. Nh2 d5 14. cxd5 Nxd5 15. a3
exd4 16. exd4 Bb7 17. Ng4 Rad8 18. Ne5 Nxe5 19. dxe5 Nf4 20. Bf5 c5 21. f3 Bc8
22. Be4 Bb7 23. Bf5 Bc8 24. Be4 Be6 25. Nc4 b5 26. Ne3 Qb6 27. Kh2 Rd7 28. Nf5
Red8 29. Rd1 c4 30. b4 Qb8 31. Rxd7 Rxd7 32. Rd1 Qd8 33. Rxd7 Qxd7 34. g3 Nd3
35. Bc3 Bxf5 0-1

[Event "XX C.to Mondiale Seniores"]
[Site "Arco ITA"]
[Date "2010.10.30"]
[Round "5"]
[White "Strohbusch, Frank"]
[Black "Rasmussen, Lars-Bo"]
[WhiteElo "1901"]
[BlackElo "2090"]
[Result "1/2-1/2"]
[PlyCount "51"]
[EventDate "2010.10.26"]

1. e4 e5 2. Nf3 Nf6 3. Nxe5 d6 4. Nf3 Nxe4 5. Nc3 Nxc3 6. dxc3 Be7 7. Bd3 O-O
8. Be3 Nc6 9. Qd2 Be6 10. b3 f6 11. h3 a5 12. Nd4 Nxd4 13. cxd4 d5 14. O-O Qd7
15. Kh2 f5 16. f4 Kh8 17. Rad1 b6 18. c4 c6 19. Be2 Bf6 20. c5 b5 21. a4 b4 22.
Qe1 Rae8 23. Bf3 Bf7 24. Qf2 Qc7 25. Rfe1 h5 26. h4 1/2-1/2

[Event "XX C.to Mondiale Seniores"]
[Site "Arco ITA"]
[Date "2010.10.30"]
[Round "5"]
[White "Tavcar, Rado"]
[Black "Weyand, Fernand"]
[WhiteElo "2025"]
[BlackElo "1843"]
[Result "1-0"]
[PlyCount "67"]
[EventDate "2010.10.26"]

1. e4 c6 2. d4 d5 3. e5 c5 4. dxc5 Nc6 5. Bb5 a6 6. Bxc6+ bxc6 7. Be3 Bf5 8. c3
e6 9. Nf3 Ne7 10. Qa4 Bd3 11. b4 a5 12. Qd1 Bb5 13. Nbd2 axb4 14. cxb4 Ra3 15.
Nb3 Nf5 16. Bc1 Ra7 17. Nbd4 Ba4 18. Qe2 Nh4 19. O-O Nxf3+ 20. Qxf3 Qb8 21. a3
Qxe5 22. Bb2 Qb8 23. Rfe1 Be7 24. Bc3 O-O 25. Qg4 f5 26. Qe2 Rf6 27. Nxe6 Rh6
28. Be5 Rxe6 29. Bxb8 Rxe2 30. Rxe2 Rb7 31. Rae1 Bf6 32. Be5 Bd8 33. Bd6 Bb5
34. Re8+ 1-0

[Event "XX C.to Mondiale Seniores"]
[Site "Arco ITA"]
[Date "2010.10.30"]
[Round "5"]
[White "Thieme, Hans"]
[Black "Paune, Florea"]
[WhiteElo "2112"]
[BlackElo "1943"]
[Result "1-0"]
[PlyCount "67"]
[EventDate "2010.10.26"]

1. e4 e5 2. Nc3 Nf6 3. Bc4 Bc5 4. d3 Nc6 5. f4 d6 6. Nf3 O-O 7. f5 h6 8. Qe2
Na5 9. Be3 Bxe3 10. Qxe3 Nxc4 11. dxc4 b6 12. O-O-O Bb7 13. h3 Re8 14. g4 Qd7
15. Rhg1 Qc6 16. Nd2 Qc5 17. Qe2 Kf8 18. h4 a5 19. g5 hxg5 20. hxg5 Ng8 21.
Rdf1 Ke7 22. f6+ gxf6 23. gxf6+ Kd7 24. Rg7 Rf8 25. Nb3 Qc6 26. Qg4+ Ke8 27.
Rxg8 Qxc4 28. Nd2 Qe6 29. Qxe6+ fxe6 30. Rxf8+ Kxf8 31. Nf3 b5 32. Ng5 b4 33.
Ne2 Kg8 34. f7+ 1-0

[Event "XX C.to Mondiale Seniores"]
[Site "Arco ITA"]
[Date "2010.10.30"]
[Round "5"]
[White "Timoscenko, Gennadij A."]
[Black "Garcia, Raimundo"]
[WhiteElo "2499"]
[BlackElo "2331"]
[Result "1-0"]
[PlyCount "105"]
[EventDate "2010.10.26"]

1. d4 Nf6 2. c4 c5 3. d5 e5 4. Nc3 d6 5. e4 g6 6. Be2 Bg7 7. Bg5 Na6 8. h4 h6
9. Be3 h5 10. f3 Nc7 11. Qd2 Bd7 12. a3 b6 13. b4 O-O 14. bxc5 bxc5 15. Nh3 Rb8
16. Nf2 Rb6 17. O-O Qe7 18. Rab1 Rfb8 19. Rxb6 Rxb6 20. Rb1 Rxb1+ 21. Nxb1 Qd8
22. Qb2 Nce8 23. Bg5 Qb6 24. Qxb6 axb6 25. Nc3 Kh7 26. Nb5 Bxb5 27. cxb5 Bh6
28. Nd1 Bxg5 29. hxg5 Nd7 30. Nb2 Kg7 31. g3 f6 32. f4 exf4 33. gxf4 fxg5 34.
fxg5 Kf8 35. Nc4 Ke7 36. Kf2 Kd8 37. Kg3 Kc7 38. Kf4 Ng7 39. a4 Ne8 40. Bf1 h4
41. Bh3 Ne5 42. Nxe5 dxe5+ 43. Kxe5 Nd6 44. Kf4 c4 45. e5 Nf7 46. d6+ Kd8 47.
a5 c3 48. Ke3 bxa5 49. b6 Nxe5 50. b7 Nc6 51. Kd3 a4 52. Kxc3 a3 53. Kc2 1-0

[Event "XX C.to Mondiale Seniores"]
[Site "Arco ITA"]
[Date "2010.10.30"]
[Round "5"]
[White "Tseshkovsky, Vitaly V."]
[Black "Rajkovic, Dusan"]
[WhiteElo "2564"]
[BlackElo "2443"]
[Result "0-1"]
[PlyCount "78"]
[EventDate "2010.10.26"]

1. e4 c5 2. Nf3 Nc6 3. d4 cxd4 4. Nxd4 g6 5. c4 Nf6 6. Nc3 Nxd4 7. Qxd4 d6 8.
Be3 Bg7 9. Be2 O-O 10. Qd2 a5 11. O-O a4 12. f3 Qa5 13. Rac1 Be6 14. Rc2 Rfc8
15. b4 axb3 16. axb3 Qb4 17. Na4 Qxb3 18. Nb6 Bh6 19. f4 Nxe4 20. Qd3 Qxd3 21.
Bxd3 Ra3 22. Bxe4 Rxe3 23. Nxc8 Rxe4 24. Nxe7+ Kf8 25. Nd5 b5 26. Rd1 bxc4 27.
Nc3 Rxf4 28. Rxd6 Rf5 29. Nd1 Ra5 30. Kf2 Rf5+ 31. Ke1 Rc5 32. g3 Bg5 33. Nc3
Bf5 34. Ra2 Re5+ 35. Re2 Ra5 36. Ra2 Rc5 37. h4 Be7 38. Rda6 Re5+ 39. Re2 Bb4
0-1

[Event "XX C.to Mondiale Seniores"]
[Site "Arco ITA"]
[Date "2010.10.30"]
[Round "5"]
[White "Vanzan, Alessandro"]
[Black "Cesati Cassin, Giorgio"]
[WhiteElo "1751"]
[BlackElo "1598"]
[Result "1-0"]
[PlyCount "49"]
[EventDate "2010.10.26"]

1. c4 g6 2. Nc3 Bg7 3. Nf3 d6 4. g3 e5 5. Bg2 Ne7 6. O-O O-O 7. d3 Nbc6 8. Rb1
a5 9. Bd2 Bd7 10. Qc1 Re8 11. a3 Qc8 12. Re1 Bh3 13. Bh1 Nd4 14. b4 axb4 15.
Rxb4 Nec6 16. Rb1 Na5 17. Nxd4 exd4 18. Nd5 Nc6 19. Bg5 Re6 20. Nf4 Re8 21.
Nxh3 Qxh3 22. Rxb7 Qd7 23. Bf4 Ra7 24. Bxc6 Qxc6 25. Rxa7 1-0

[Event "XX C.to Mondiale Seniores"]
[Site "Arco ITA"]
[Date "2010.10.30"]
[Round "5"]
[White "Vrhovnik, Damir"]
[Black "Kunz, Konstantin"]
[WhiteElo "2066"]
[BlackElo "2273"]
[Result "1/2-1/2"]
[PlyCount "162"]
[EventDate "2010.10.26"]

1. Nf3 Nf6 2. c4 c6 3. g3 d5 4. b3 Bf5 5. Bb2 e6 6. Bg2 h6 7. O-O Be7 8. d3 O-O
9. Nbd2 a5 10. a3 Na6 11. Rc1 Bh7 12. Rc2 Nd7 13. Qa1 Bf6 14. Rb1 Re8 15. Bxf6
Nxf6 16. Qb2 Qd6 17. b4 axb4 18. axb4 e5 19. cxd5 cxd5 20. b5 Nc5 21. Rbc1 b6
22. Nb3 Na4 23. Qb1 e4 24. Rc6 Qb4 25. Nfd4 exd3 26. exd3 Nc5 27. Nxc5 Qxd4 28.
Nb3 Qb4 29. Rxb6 Ra3 30. Nc5 Qd4 31. Ra6 Ng4 32. Qc2 Bxd3 33. Nxd3 Rxd3 34. Ra2
Ne5 35. h3 Nc4 36. Rf1 Rxg3 37. Rd1 Qc5 38. Qf5 Rg5 39. Qd7 Ree5 40. Ra8+ Kh7
41. Qxf7 Nd6 42. Qg8+ Kg6 43. Ra6 Kh5 44. Rxd6 Qxd6 45. Qf7+ Rg6 46. Kh1 Qf6
47. Bf3+ Kg5 48. Rg1+ Kf4 49. Qxg6 Qxg6 50. Rxg6 Kxf3 51. b6 Re1+ 52. Kh2 Rb1
53. Rd6 Ke4 54. Kg2 d4 55. Re6+ Kf5 56. Rd6 Ke5 57. Rd7 Rxb6 58. Rxg7 Ke4 59.
Re7+ Kd3 60. f4 Kc2 61. Rc7+ Kd2 62. Kf3 d3 63. Rd7 Rb1 64. f5 Rf1+ 65. Ke4
Re1+ 66. Kf4 Ke2 67. f6 d2 68. Re7+ Kd3 69. Rd7+ Kc3 70. Kf5 d1=Q 71. Rxd1 Rxd1
72. f7 Rf1+ 73. Kg6 Kd3 74. h4 h5 75. Kxh5 Rxf7 76. Kg6 Rf1 77. h5 Kd4 78. h6
Ke5 79. h7 Ke6 80. h8=Q Rg1+ 81. Kh7 Rh1+ 1/2-1/2

[Event "XX C.to Mondiale Seniores"]
[Site "Arco ITA"]
[Date "2010.10.30"]
[Round "5"]
[White "Wahlbom, Magnus"]
[Black "Ermenkov, Evgenij P."]
[WhiteElo "2282"]
[BlackElo "2442"]
[Result "1/2-1/2"]
[PlyCount "67"]
[EventDate "2010.10.26"]

1. e4 c5 2. Nf3 d6 3. d4 cxd4 4. Nxd4 Nf6 5. Nc3 Nc6 6. Bg5 e6 7. Qd2 a6 8.
O-O-O Bd7 9. f3 Be7 10. Kb1 Rc8 11. h4 h6 12. Be3 h5 13. Nxc6 Rxc6 14. Bd3 Qa5
15. Nd5 Qxd2 16. Nxf6+ Bxf6 17. Rxd2 b5 18. Be2 Ke7 19. Bd4 Bxd4 20. Rxd4 Rhc8
21. c3 e5 22. Rd2 g6 23. g3 Be6 24. Re1 Bc4 25. Bxc4 Rxc4 26. Re3 f5 27. Kc2 b4
28. Rd5 Ke6 29. Ra5 R8c6 30. Kb3 bxc3 31. Rxc3 Rxc3+ 32. bxc3 Rb6+ 33. Kc2 Rc6
34. Kb3 1/2-1/2

[Event "XX C.to Mondiale Seniores"]
[Site "Arco ITA"]
[Date "2010.10.30"]
[Round "5"]
[White "Waisberg, Arnold"]
[Black "Doehner, Hans-Juergen"]
[WhiteElo "2019"]
[BlackElo "2169"]
[Result "0-1"]
[PlyCount "80"]
[EventDate "2010.10.26"]

1. e4 e5 2. Bc4 Nf6 3. d3 Nc6 4. Nc3 Bc5 5. f4 d6 6. Nf3 a6 7. Qe2 O-O 8. Be3
exf4 9. Bxf4 Na5 10. Bb3 Nxb3 11. axb3 d5 12. Bg5 Be7 13. e5 Re8 14. O-O Ng4
15. Bxe7 Qxe7 16. d4 c6 17. h3 Nh6 18. Qd2 Nf5 19. Qf4 Rf8 20. Rae1 Be6 21. g4
Nh4 22. Na4 Ng6 23. Qg3 Rae8 24. Nc5 b6 25. Nd3 a5 26. h4 Qd7 27. h5 Ne7 28.
Nf2 h6 29. Nh4 g5 30. hxg6 fxg6 31. Kh2 g5 32. Ng2 Ng6 33. Qd3 Kg7 34. Kg3 Nf4
35. Qd1 Nxg2 36. Kxg2 Rf4 37. Kg3 Ref8 38. c3 Qf7 39. Qe2 Rf3+ 40. Kg2 Qf4 0-1

[Event "XX C.to Mondiale Seniores"]
[Site "Arco ITA"]
[Date "2010.10.30"]
[Round "5"]
[White "Zhelesny, Stanislav"]
[Black "Klundt, Klaus"]
[WhiteElo "2194"]
[BlackElo "2355"]
[Result "1/2-1/2"]
[PlyCount "32"]
[EventDate "2010.10.26"]

1. Nf3 Nf6 2. g3 d5 3. Bg2 c6 4. O-O Bf5 5. d4 e6 6. Nbd2 Nbd7 7. c3 Bd6 8. Re1
O-O 9. Nf1 h6 10. h3 Bh7 11. Bf4 Bxf4 12. gxf4 c5 13. e3 Qc7 14. Ne5 cxd4 15.
cxd4 Rfc8 16. Rc1 Qb6 1/2-1/2

[Event "XX C.to Mondiale Seniores"]
[Site "Arco ITA"]
[Date "2010.11.01"]
[Round "6"]
[White "Acers, Jude"]
[Black "Van Riemsdijk, Herman C."]
[WhiteElo "2231"]
[BlackElo "2390"]
[Result "1/2-1/2"]
[PlyCount "104"]
[EventDate "2010.10.26"]

1. d4 c5 2. dxc5 e6 3. Nc3 Nf6 4. e4 Qa5 5. Bd3 Bxc5 6. Nf3 Nc6 7. O-O a6 8. e5
Ng4 9. Bf4 Qc7 10. Ne4 Be7 11. Nd6+ Bxd6 12. exd6 Qa5 13. Qe2 Nf6 14. c4 b6 15.
a3 Bb7 16. b4 Qh5 17. Qe3 O-O 18. Qxb6 e5 19. Nxe5 Nxe5 20. Bxe5 Bxg2 21. Kxg2
Qxe5 22. f4 Qc3 23. Qe3 g6 24. Rfc1 Qb3 25. Qd2 Nh5 26. Rc3 Qa4 27. Be4 Rab8
28. Bf3 Rxb4 29. Bxh5 Rxc4 30. Rxc4 Qxc4 31. Bf3 Rb8 32. Bd5 Qc5 33. f5 Rb6 34.
fxg6 hxg6 35. Rd1 Qxa3 36. Bxf7+ Kh7 37. Qd3 Qb2+ 38. Rd2 Qf6 39. Rf2 Qxd6 40.
Qh3+ Kg7 41. Qc3+ Kh7 42. Qf3 Rb5 43. Qh3+ Rh5 44. Qg3 Qc6+ 45. Kg1 Qc1+ 46.
Rf1 Qc5+ 47. Kh1 Qc6+ 48. Qg2 Qxg2+ 49. Kxg2 Rg5+ 50. Kh3 Rf5 51. Rxf5 gxf5 52.
Kg3 d5 1/2-1/2

[Event "XX C.to Mondiale Seniores"]
[Site "Arco ITA"]
[Date "2010.11.01"]
[Round "6"]
[White "Agzamov, Valery"]
[Black "Danner, Georg"]
[WhiteElo "2209"]
[BlackElo "2422"]
[Result "0-1"]
[PlyCount "104"]
[EventDate "2010.10.26"]

1. e4 c5 2. Nf3 d6 3. d4 Nf6 4. Nc3 cxd4 5. Nxd4 Nc6 6. Bc4 Qb6 7. Nb3 Bg4 8.
Be2 Bxe2 9. Qxe2 e6 10. Be3 Qc7 11. O-O-O Rc8 12. g4 a6 13. g5 Nd7 14. Kb1 Nce5
15. f4 Nc4 16. Bd4 b5 17. a3 Qb7 18. Rd3 a5 19. Rhd1 b4 20. axb4 Qxb4 21. Na2
Qb5 22. Nbc1 a4 23. Ka1 e5 24. Bc3 a3 25. b3 Nb2 26. Bxb2 axb2+ 27. Kxb2 exf4
28. Rc3 Qb7 29. Rd5 Ra8 30. Rc4 g6 31. Rb5 Bg7+ 32. c3 Qa6 33. Ra4 Qc8 34. Rc4
Qd8 35. Nb4 Ne5 36. Rd4 O-O 37. h4 Qd7 38. Nd5 f3 39. Qf1 Qg4 40. Rd2 Qxh4 41.
Nd3 Qxg5 42. Rf2 Ra7 43. Nxe5 Bxe5 44. b4 Rfa8 45. Ra5 Rxa5 46. bxa5 Rxa5 47.
Qd3 Qg1 48. Qxf3 Qa1+ 49. Kc2 Ra2+ 50. Kd3 Qb1+ 51. Kc4 Rxf2 52. Qxf2 Qxe4+ 0-1

[Event "XX C.to Mondiale Seniores"]
[Site "Arco ITA"]
[Date "2010.11.01"]
[Round "6"]
[White "Andreas, Guenter"]
[Black "Prahov, G."]
[WhiteElo "1971"]
[BlackElo "2267"]
[Result "1/2-1/2"]
[PlyCount "20"]
[EventDate "2010.10.26"]

1. e4 c5 2. Nf3 g6 3. c3 Bg7 4. d4 cxd4 5. cxd4 Qb6 6. Nc3 Nc6 7. Nd5 Qd8 8.
Be2 e6 9. Nc3 Nge7 10. O-O O-O 1/2-1/2

[Event "XX C.to Mondiale Seniores"]
[Site "Arco ITA"]
[Date "2010.11.01"]
[Round "6"]
[White "Antonelli, Fabrizio"]
[Black "Serra Olives, Tomas"]
[WhiteElo "2099"]
[BlackElo "2201"]
[Result "0-1"]
[PlyCount "101"]
[EventDate "2010.10.26"]

1. e4 c5 2. Nf3 d6 3. d4 cxd4 4. Nxd4 Nc6 5. Be3 Nf6 6. Bd3 Ne5 7. Nc3 Nxd3+ 8.
cxd3 e6 9. O-O e5 10. Nf3 Be7 11. Rc1 O-O 12. Nb5 Qa5 13. a4 Bg4 14. Bd2 Qd8
15. h3 Bd7 16. Nc3 Rc8 17. d4 exd4 18. Nxd4 a6 19. Be3 Be6 20. f4 Nd7 21. Rf2
Nb6 22. b3 Bf6 23. f5 Bd7 24. a5 Na8 25. Nd5 Nc7 26. Nb6 Rb8 27. Nf3 Bc6 28.
Rfc2 Nb5 29. Nd5 Bxd5 30. Bb6 Qd7 31. Qxd5 Rbc8 32. e5 Rxc2 33. Rxc2 Qxf5 34.
Rd2 dxe5 35. Qd7 Qb1+ 36. Kf2 h6 37. Qxb7 Qxb3 38. Qd5 Qc3 39. Rd3 Qc2+ 40. Rd2
Nc3 41. Qxf7+ Rxf7 42. Rxc2 e4 43. Nh2 Nd5 44. Ke2 Nxb6 45. axb6 Bd4 46. Rc8+
Kh7 47. Rc7 Rf2+ 48. Kd1 Bxb6 49. Rc6 Rb2 50. Ng4 a5 51. Nf6+ 0-1

[Event "XX C.to Mondiale Seniores"]
[Site "Arco ITA"]
[Date "2010.11.01"]
[Round "6"]
[White "Bapoglu, Ibrahim"]
[Black "Rosca, Grigore"]
[WhiteElo "1900"]
[BlackElo "1646"]
[Result "1-0"]
[PlyCount "87"]
[EventDate "2010.10.26"]

1. e4 e6 2. d4 d5 3. Nc3 Nf6 4. Bg5 Be7 5. e5 Nfd7 6. h4 a6 7. Qg4 f5 8. exf6
Nxf6 9. Qe2 O-O 10. O-O-O c5 11. Nf3 c4 12. Ne5 b5 13. a3 Qa5 14. f3 b4 15.
axb4 Bxb4 16. Bd2 Qa1+ 17. Nb1 Bxd2+ 18. Qxd2 Nbd7 19. Nxd7 Bxd7 20. Qb4 Rfb8
21. Qa3 Qxa3 22. Nxa3 Rb6 23. c3 Nh5 24. g4 Ng3 25. Rg1 Nxf1 26. Rgxf1 Rf8 27.
f4 h6 28. Rde1 Rfb8 29. Rf2 g6 30. Re5 Rf8 31. Nc2 a5 32. Ree2 Rfb8 33. Na3 Rf8
34. Re5 Rfb8 35. h5 Kg7 36. hxg6 Kxg6 37. f5+ exf5 38. gxf5+ Kf6 39. Rxd5 Ba4
40. Nxc4 R6b7 41. Rd6+ Kf7 42. Rxh6 Rg8 43. Nd6+ Ke7 44. Nxb7 1-0